000 00455nam a22001817a 4500
003 MPLRDC
005 20220104144526.0
008 210129b ||||| |||| 00| 0 eng d
020 _a7-80653-151-3
082 _a528.915 TJ c.2
100 _a谈健编著
245 _a走近悉尼
_c
250 _a一版一刷
260 _a
_b广东旅游出版社
_c2000
300 _b
650 _a体育行政--指导员; 教练
942 _cBK
_o528.915 TJ c.2
999 _c50461
_d50451